|
|
|
|
| LEADER |
00000nam0a2200000 4500 |
| 001 |
113284 |
| 005 |
20231031121755.0 |
| 035 |
|
|
|a (RuTPU)RU\TPU\book\122521
|
| 090 |
|
|
|a 113284
|
| 100 |
|
|
|a 20070409d1975 km y0rusy50 ca
|
| 101 |
0 |
|
|a rus
|
| 102 |
|
|
|a RU
|
| 105 |
|
|
|a a z 001zy
|
| 200 |
1 |
|
|a Особенности разработки и эксплуатации месторождений с трещиновато-пористыми коллекторами
|f Н. Д. Сергеев, Г. В. Кострюков, И. В. Кривоносов
|
| 210 |
|
|
|a Москва
|c Недра
|d 1975
|
| 215 |
|
|
|a 152 с.
|c черт.
|
| 320 |
|
|
|a Библиогр.: с. 150-152.
|
| 610 |
1 |
|
|a нефтедобыча
|
| 610 |
1 |
|
|a месторождения
|
| 610 |
1 |
|
|a разработка
|
| 610 |
1 |
|
|a эксплуатация
|
| 610 |
1 |
|
|a коллекторы
|
| 675 |
|
|
|a 622.323
|v 3
|
| 701 |
|
1 |
|a Сергеев
|b Н. Д.
|g Николай Дмитриевич
|
| 701 |
|
1 |
|a Кострюков
|b Г. В.
|
| 701 |
|
1 |
|a Кривоносов
|b И. В.
|
| 801 |
|
1 |
|a RU
|b 63413507
|c 20070409
|g PSBO
|
| 801 |
|
2 |
|a RU
|b 63413507
|c 20151116
|g PSBO
|
| 942 |
|
|
|c BK
|